000
00259nam a2200097Ia 4500
082
_a
158.1 DEBO
245
0
_a
How to have a beautiful mind
100
_a
DE BONO, Edward London, 2004
_9
74978
942
_c
BK
008
210817s9999 xx 000 0 und d
999
_c
247536
_d
247535